Etiqueta de registo: 00000nam 2200025 450
001 2089929
003 http://id.bnportugal.gov.pt/bib/catbnp/2089929
010 ## $a978-989-563-402-6
021 ## $aPT$b480218/21
100 ## $a20220114d2021 m y0pory01030103ba
101 0# $apor$aeng
102 ## $aPT
105 ## $ay z 000gy
106 ## $ar
200 1# $a A antecipação do dia$d The anticipation of the day after today$fFilipe Marques$zeng
205 ## $a1ª ed
210 #9 $a[S.l.]$cThe Red Queen,$dD.L. 2021
215 ## $a1 kit de materiais$d19 cm
225 2# $aRising stars
305 ## $aEd .bilingue em português e inglês
510 1# $a The anticipation of the day after today$zeng
675 ## $a821.134.3-1"20"$vBN$zpor$31023893
700 #1 $94$aMarques,$bFilipe$31831795
801 #0 $aPT$bBN$gRPC
856 41 $uhttp://rnod.bnportugal.gov.pt/ImagesBN/winlibimg.aspx?skey=&doc=2089929&img=160719&save=true
900 ## $aBIBNAC$d20220211
966 ## $lBN$mFGMON$sL. 117667 P.$x1
971 ## $cssilva$d20220114
972 ## $e0$d20220211$viquintas
973 ## $cmlsousa$d20220208